[Event "23rd ETCC Women 2021"]
[Site "Catez"]
[Date "2021.11.13"]
[Round "2.11"]
[White "Gaal, Zsoka"]
[Black "Socko, Monika"]
[Result "0-1"]
[WhiteElo "2336"]
[BlackElo "2393"]
[Annotator "ChessBase"]
[PlyCount "144"]
[EventDate "2021.11.08"]
[EventType "team-tourn"]
[EventCountry "SLO"]
[SourceTitle "playchess.com"]
[Source "ChessBase"]
[SourceQuality "1"]
[WhiteTeam "Hungary"]
[BlackTeam "Poland"]
[WhiteTeamCountry "HUN"]
[BlackTeamCountry "POL"]
[TimeControl "40/5400+30:1800+30"]

1. Nf3 {[%emt 0:00:08]} d5 {[%emt 0:00:10]} 2. g3 {[%emt 0:00:06]} Nd7 {
[%emt 0:00:09]} 3. d4 {[%emt 0:00:06]} Nb6 {[%emt 0:00:13]} 4. Bg2 {[%emt 0:00:
19]} Bf5 {[%emt 0:00:09]} 5. Nbd2 {[%emt 0:03:51]} Nf6 {[%emt 0:05:25]} 6. c4 {
[%emt 0:03:04]} c6 {[%emt 0:04:30]} 7. b3 {[%emt 0:09:43]} h6 {[%emt 0:05:43]}
8. Bb2 {[%emt 0:03:56]} e6 {[%emt 0:02:04]} 9. Ne5 {[%emt 0:04:23]} Be7 {
[%emt 0:02:53]} 10. O-O {[%emt 0:00:56]} O-O {[%emt 0:00:10]} 11. e3 {[%emt 0:
08:37]} a5 {[%emt 0:02:37]} 12. Qe2 {[%emt 0:02:22]} a4 {[%emt 0:05:22]} 13. e4
{[%emt 0:01:54]} dxe4 {[%emt 0:02:14]} 14. Nxe4 {[%emt 0:00:29]} Bxe4 {[%emt 0:
01:09]} 15. Bxe4 {[%emt 0:00:17]} Nxe4 {[%emt 0:00:22]} 16. Qxe4 {[%emt 0:00:
08]} Nd7 {[%emt 0:01:58]} 17. Nf3 {[%emt 0:05:40]} Nf6 {[%emt 0:02:13]} 18. Qc2
{[%emt 0:04:23]} Qa5 {[%emt 0:02:41]} 19. Ne5 {[%emt 0:02:59]} a3 {[%emt 0:06:
12]} 20. Bc3 {[%emt 0:01:32]} Bb4 {[%emt 0:00:10]} 21. Bxb4 {[%emt 0:01:06]}
Qxb4 {[%emt 0:00:02]} 22. Rad1 {[%emt 0:02:10]} Rfd8 {[%emt 0:02:30]} 23. Qc1 {
[%emt 0:04:50]} Rac8 {[%emt 0:04:28]} 24. h4 {[%emt 0:05:54]} b6 {[%emt 0:06:
04]} 25. Qf4 {[%emt 0:03:49]} Qe7 {[%emt 0:05:45]} 26. Rfe1 {[%emt 0:03:55]}
Qc7 {[%emt 0:01:46]} 27. Qf3 {[%emt 0:07:36]} Rd6 {[%emt 0:03:24]} 28. b4 {
[%emt 0:03:03]} Rcd8 {[%emt 0:04:58]} 29. Qxa3 {[%emt 0:00:38]} c5 {[%emt 0:02:
17]} 30. bxc5 {[%emt 0:04:32]} bxc5 {[%emt 0:00:02]} 31. d5 {[%emt 0:03:49]}
exd5 {[%emt 0:00:05]} 32. cxd5 {[%emt 0:00:06]} Rxd5 {[%emt 0:00:11]} 33. Rxd5
{[%emt 0:00:16]} Rxd5 {[%emt 0:00:33]} 34. Nc4 {[%emt 0:01:05]} Rd4 {[%emt 0:
04:21]} 35. Rc1 {[%emt 0:00:35]} Ne4 {[%emt 0:01:37]} 36. Qe3 {[%emt 0:05:30]}
Qd7 {[%emt 0:03:10]} 37. Kh2 {[%emt 0:02:40]} Qd5 {[%emt 0:04:49]} 38. Nb6 {
[%emt 0:00:53]} Qxa2 {[%emt 0:04:57]} 39. Rxc5 {[%emt 0:00:52]} Qxf2+ {[%emt 0:
01:12]} 40. Qxf2 {[%emt 0:00:02]} Nxf2 {[%emt 0:00:04]} 41. Kg2 {[%emt 0:04:23]
} Ne4 {[%emt 0:08:03]} 42. Rc4 {[%emt 0:05:57]} Rd2+ {[%emt 0:01:11]} 43. Kf3 {
[%emt 0:00:32]} f5 {[%emt 0:03:52]} 44. Rc8+ {[%emt 0:05:37]} Kh7 {[%emt 0:02:
06]} 45. g4 {[%emt 0:01:47]} Rd3+ {[%emt 0:07:40]} 46. Kf4 {[%emt 0:01:03]} Nd6
{[%emt 0:00:18]} 47. Rc6 {[%emt 0:00:49]} fxg4 {[%emt 0:01:27]} 48. Kxg4 {
[%emt 0:00:18]} Nf7 {[%emt 0:06:25]} 49. Re6 {[%emt 0:05:48]} g6 {[%emt 0:04:
36]} 50. Kf4 {[%emt 0:02:37]} Rh3 {[%emt 0:02:33]} 51. Kg4 {[%emt 0:00:31]} Rb3
{[%emt 0:00:34]} 52. Nd7 {[%emt 0:00:38]} Kg7 {[%emt 0:03:06]} 53. Kf4 {
[%emt 0:05:50]} Rb5 {[%emt 0:02:00]} 54. Kg3 {[%emt 0:00:39]} g5 {[%emt 0:00:
55]} 55. hxg5 {[%emt 0:00:19]} hxg5 {[%emt 0:00:25]} 56. Nf6 {[%emt 0:01:12]}
Ne5 {[%emt 0:01:01]} 57. Ne4 {[%emt 0:01:14]} Rb3+ {[%emt 0:00:20]} 58. Kg2 {
[%emt 0:00:49]} Ng6 {[%emt 0:00:13]} 59. Rc6 {[%emt 0:00:39]} Rb4 {[%emt 0:00:
37]} 60. Nc5 {[%emt 0:00:36]} Kh6 {[%emt 0:01:14]} 61. Nd3 {[%emt 0:00:24]} Rb5
{[%emt 0:00:01]} 62. Kg3 {[%emt 0:00:53]} Kh5 {[%emt 0:00:58]} 63. Rc7 {
[%emt 0:00:13]} Nh4 {[%emt 0:00:24]} 64. Rh7+ {[%emt 0:00:42]} Kg6 {[%emt 0:00:
02]} 65. Rd7 {[%emt 0:00:22]} Nf5+ {[%emt 0:00:07]} 66. Kg4 {[%emt 0:00:26]}
Ra5 {[%emt 0:00:19]} 67. Rb7 {[%emt 0:00:19]} Nh6+ {[%emt 0:00:34]} 68. Kf3 {
[%emt 0:00:18]} Ra3 {[%emt 0:00:52]} 69. Ke4 {[%emt 0:00:14]} Ng4 {[%emt 0:00:
10]} 70. Kf3 {[%emt 0:01:12]} Ne5+ {[%emt 0:00:09]} 71. Ke4 {[%emt 0:00:11]}
Nxd3 {[%emt 0:00:05]} 72. Rb6+ {[%emt 0:00:20]} Kh5 {[%emt 0:00:16]} 0-1

[Event "23rd ETCC Women 2021"]
[Site "Catez"]
[Date "2021.11.13"]
[Round "2.12"]
[White "Kulon, Klaudia"]
[Black "Terbe, Julianna"]
[Result "1-0"]
[WhiteElo "2328"]
[BlackElo "2318"]
[Annotator "NA"]
[PlyCount "81"]
[EventDate "2021.11.08"]
[EventType "team-tourn"]
[EventCountry "SLO"]
[SourceTitle "playchess.com"]
[Source "ChessBase"]
[SourceQuality "1"]
[WhiteTeam "Poland"]
[BlackTeam "Hungary"]
[WhiteTeamCountry "POL"]
[BlackTeamCountry "HUN"]
[TimeControl "40/5400+30:1800+30"]

1. d4 {[%emt 0:00:03]} d5 {[%emt 0:00:08]} 2. Bg5 {[%emt 0:00:08]} f6 {[%emt 0:
02:51]} 3. Bd2 {[%emt 0:00:18]} Bf5 {[%emt 0:03:29]} 4. e3 {[%emt 0:01:18]} e6
{[%emt 0:01:06]} 5. c4 {[%emt 0:02:34]} c6 {[%emt 0:00:30]} 6. Nc3 {[%emt 0:00:
47]} Nd7 {[%emt 0:01:47]} 7. Nf3 {[%emt 0:01:34]} g5 {[%emt 0:02:39]} 8. c5 {
[%emt 0:08:39]} h5 {[%emt 0:12:33]} 9. Qe2 {[%emt 0:06:40]} Kf7 {[%emt 0:14:33]
} 10. e4 {[%emt 0:02:43]} dxe4 {[%emt 0:02:46]} 11. Nxe4 {[%emt 0:00:05]} g4 {
[%emt 0:04:51]} 12. Ng1 {[%emt 0:03:48]} Qc7 {[%emt 0:06:06]} 13. Ng3 {[%emt 0:
06:11]} Bg6 {[%emt 0:02:17]} 14. h3 {[%emt 0:01:15]} Bg7 {[%emt 0:07:17]} 15.
hxg4 {[%emt 0:03:35]} hxg4 {[%emt 0:00:06]} 16. Rxh8 {[%emt 0:00:09]} Bxh8 {
[%emt 0:00:04]} 17. Qxg4 {[%emt 0:02:26]} f5 {[%emt 0:02:30]} 18. Qf4 {[%emt 0:
01:40]} Qxf4 {[%emt 0:07:13]} 19. Bxf4 {[%emt 0:00:03]} Bxd4 {[%emt 0:07:50]}
20. O-O-O {[%emt 0:03:12]} e5 {[%emt 0:02:04]} 21. Nf3 {[%emt 0:12:48]} exf4 {
[%emt 0:02:08]} 22. Rxd4 {[%emt 0:00:13]} Nxc5 {[%emt 0:01:47]} 23. Bc4+ {
[%emt 0:03:23]} Kg7 {[%emt 0:03:33]} 24. Ne2 {[%emt 0:00:56]} Nf6 {[%emt 0:02:
09]} 25. Nxf4 {[%emt 0:02:44]} b5 {[%emt 0:04:30]} 26. b4 {[%emt 0:04:01]} Nce4
{[%emt 0:00:42]} 27. Bb3 {[%emt 0:00:05]} Bf7 {[%emt 0:02:27]} 28. Bxf7 {
[%emt 0:02:52]} Kxf7 {[%emt 0:00:02]} 29. Ne5+ {[%emt 0:00:27]} Kg7 {[%emt 0:
01:19]} 30. f3 {[%emt 0:00:44]} Re8 {[%emt 0:02:55]} 31. Ned3 {[%emt 0:02:32]}
Nc3 {[%emt 0:00:57]} 32. Rd6 {[%emt 0:00:04]} Ne2+ {[%emt 0:00:45]} 33. Kd2 {
[%emt 0:01:11]} Nxf4 {[%emt 0:00:01]} 34. Nxf4 {[%emt 0:00:02]} a5 {[%emt 0:00:
39]} 35. a3 {[%emt 0:01:55]} axb4 {[%emt 0:00:15]} 36. axb4 {[%emt 0:00:01]}
Rc8 {[%emt 0:00:44]} 37. Kd3 {[%emt 0:00:31]} Ne8 {[%emt 0:00:45]} 38. Rd7+ {
[%emt 0:03:07]} Kf6 {[%emt 0:00:26]} 39. Kd4 {[%emt 0:00:03]} Ng7 {[%emt 0:00:
37]} 40. Rd6+ {[%emt 0:01:49]} Kg5 {[%emt 0:00:34]} 41. g3 {[%emt 0:30:17]} 1-0

[Event "23rd ETCC Women 2021"]
[Site "Catez"]
[Date "2021.11.13"]
[Round "2.13"]
[White "Ushenina, Anna"]
[Black "Peng, Zhaoqin"]
[Result "1/2-1/2"]
[WhiteElo "2426"]
[BlackElo "2351"]
[Annotator "RC"]
[PlyCount "168"]
[EventDate "2021.11.08"]
[EventType "team-tourn"]
[EventCountry "SLO"]
[SourceTitle "playchess.com"]
[Source "ChessBase"]
[SourceQuality "1"]
[WhiteTeam "Ukraine"]
[BlackTeam "Netherlands"]
[WhiteTeamCountry "UKR"]
[BlackTeamCountry "NED"]
[TimeControl "40/5400+30:1800+30"]

1. d4 {[%emt 0:00:07]} d5 {[%emt 0:00:08]} 2. c4 {[%emt 0:00:30]} dxc4 {
[%emt 0:00:07]} 3. e4 {[%emt 0:00:42]} Nc6 {[%emt 0:00:52]} 4. Nf3 {[%emt 0:00:
48]} Bg4 {[%emt 0:00:38]} 5. d5 {[%emt 0:01:20]} Ne5 {[%emt 0:00:56]} 6. Bf4 {
[%emt 0:00:35]} Ng6 {[%emt 0:05:14]} 7. Be3 {[%emt 0:00:30]} Nf6 {[%emt 0:02:
29]} 8. Nc3 {[%emt 0:01:42]} e6 {[%emt 0:00:48]} 9. Qa4+ {[%emt 0:25:23]} Qd7 {
[%emt 0:04:07]} 10. Nb5 {[%emt 0:23:18]} Bd6 {[%emt 0:19:08]} 11. dxe6 {
[%emt 0:12:26]} Bxe6 {[%emt 0:08:20]} 12. O-O-O {[%emt 0:09:13]} O-O {[%emt 0:
02:36]} 13. e5 {[%emt 0:00:04]} a6 {[%emt 0:02:09]} 14. Nc3 {[%emt 0:01:10]}
Qxa4 {[%emt 0:00:07]} 15. Nxa4 {[%emt 0:00:01]} Nxe5 {[%emt 0:00:17]} 16. Be2 {
[%emt 0:02:05]} b5 {[%emt 0:10:15]} 17. Nc5 {[%emt 0:01:03]} Neg4 {[%emt 0:04:
15]} 18. Bd4 {[%emt 0:00:20]} Bf4+ {[%emt 0:06:02]} 19. Kb1 {[%emt 0:00:05]}
Bf5+ {[%emt 0:00:12]} 20. Ka1 {[%emt 0:00:13]} Rfe8 {[%emt 0:00:51]} 21. Rde1 {
[%emt 0:01:35]} Rad8 {[%emt 0:07:25]} 22. Nxa6 {[%emt 0:09:30]} Ra8 {[%emt 0:
06:26]} 23. Nh4 {[%emt 0:00:09]} Be6 {[%emt 0:09:54]} 24. Nc5 {[%emt 0:00:47]}
Bd2 {[%emt 0:03:13]} 25. Rd1 {[%emt 0:00:53]} Bb4 {[%emt 0:03:12]} 26. Nxe6 {
[%emt 0:02:54]} Rxe6 {[%emt 0:00:13]} 27. Bf3 {[%emt 0:01:21]} Rae8 {[%emt 0:
00:18]} 28. a3 {[%emt 0:01:52]} Bf8 {[%emt 0:00:23]} 29. Nf5 {[%emt 0:01:50]}
Ne5 {[%emt 0:01:10]} 30. Bxe5 {[%emt 0:00:30]} Rxe5 {[%emt 0:00:01]} 31. Nd4 {
[%emt 0:00:10]} Bd6 {[%emt 0:01:51]} 32. Bc6 {[%emt 0:01:25]} Rb8 {[%emt 0:00:
03]} 33. f4 {[%emt 0:01:17]} Rc5 {[%emt 0:00:28]} 34. g3 {[%emt 0:00:10]} b4 {
[%emt 0:00:54]} 35. a4 {[%emt 0:01:17]} Ng4 {[%emt 0:01:18]} 36. Rhe1 {[%emt 0:
00:38]} Nf2 {[%emt 0:00:36]} 37. Rd2 {[%emt 0:00:18]} Nd3 {[%emt 0:00:18]} 38.
Rb1 {[%emt 0:00:43]} b3 {[%emt 0:00:39]} 39. Rbd1 {[%emt 0:00:32]} Nb4 {
[%emt 0:00:28]} 40. Bb5 {[%emt 0:00:18]} Ra8 {[%emt 0:01:35]} 41. Rc1 {[%emt 0:
04:18]} g5 {[%emt 0:17:41]} 42. Kb1 {[%emt 0:22:03]} gxf4 {[%emt 0:04:51]} 43.
Rxc4 {[%emt 0:05:03]} Rxc4 {[%emt 0:00:37]} 44. Bxc4 {[%emt 0:00:02]} Rxa4 {
[%emt 0:00:12]} 45. Bxb3 {[%emt 0:00:19]} Ra5 {[%emt 0:00:36]} 46. gxf4 {
[%emt 0:00:48]} Bxf4 {[%emt 0:02:22]} 47. Rf2 {[%emt 0:00:26]} Rg5 {[%emt 0:05:
54]} 48. Bxf7+ {[%emt 0:01:02]} Kh8 {[%emt 0:01:24]} 49. Rf1 {[%emt 0:00:42]}
Bxh2 {[%emt 0:00:39]} 50. Ne6 {[%emt 0:00:22]} Ra5 {[%emt 0:00:47]} 51. Rh1 {
[%emt 0:00:38]} Rf5 {[%emt 0:00:21]} 52. b3 {[%emt 0:00:21]} Be5 {[%emt 0:00:
22]} 53. Bg6 {[%emt 0:00:22]} Rf2 {[%emt 0:00:24]} 54. Rxh7+ {[%emt 0:00:26]}
Kg8 {[%emt 0:00:00]} 55. Kc1 {[%emt 0:00:33]} Na2+ {[%emt 0:01:21]} 56. Kd1 {
[%emt 0:00:06]} Nc3+ {[%emt 0:00:19]} 57. Ke1 {[%emt 0:00:48]} Rg2 {[%emt 0:00:
10]} 58. Rh5 {[%emt 0:00:25]} Bg3+ {[%emt 0:00:48]} 59. Kf1 {[%emt 0:00:03]}
Rf2+ {[%emt 0:00:04]} 60. Kg1 {[%emt 0:00:19]} Ne2+ {[%emt 0:00:26]} 61. Kh1 {
[%emt 0:00:01]} Bd6 {[%emt 0:01:03]} 62. Bh7+ {[%emt 0:02:01]} Kf7 {[%emt 0:00:
07]} 63. Ng5+ {[%emt 0:00:10]} Ke7 {[%emt 0:00:20]} 64. Ne4 {[%emt 0:00:11]}
Rf4 {[%emt 0:01:13]} 65. Rh3 {[%emt 0:00:58]} Be5 {[%emt 0:00:26]} 66. Kg2 {
[%emt 0:00:30]} Rf7 {[%emt 0:00:23]} 67. Rh6 {[%emt 0:00:39]} Nd4 {[%emt 0:00:
38]} 68. b4 {[%emt 0:00:35]} Rg7+ {[%emt 0:00:31]} 69. Kf2 {[%emt 0:00:26]} Bf4
{[%emt 0:00:30]} 70. Rh4 {[%emt 0:00:33]} Be5 {[%emt 0:00:28]} 71. Rh5 {
[%emt 0:00:30]} Bf4 {[%emt 0:00:25]} 72. Rh4 {[%emt 0:00:04]} Be5 {[%emt 0:00:
34]} 73. Rh5 {[%emt 0:00:05]} Rf7+ {[%emt 0:00:23]} 74. Kg2 {[%emt 0:00:19]}
Bf4 {[%emt 0:00:33]} 75. Bg6 {[%emt 0:00:16]} Rg7 {[%emt 0:00:21]} 76. Rh7 {
[%emt 0:00:07]} Rxh7 {[%emt 0:00:13]} 77. Bxh7 {[%emt 0:00:01]} Bd6 {[%emt 0:
00:55]} 78. Nc3 {[%emt 0:01:41]} Kd7 {[%emt 0:00:40]} 79. Na2 {[%emt 0:01:07]}
Kc6 {[%emt 0:00:24]} 80. Kf2 {[%emt 0:00:49]} Kb5 {[%emt 0:00:25]} 81. Ke3 {
[%emt 0:00:07]} Nc6 {[%emt 0:00:28]} 82. Be4 {[%emt 0:00:19]} Ne5 {[%emt 0:00:
34]} 83. Kd4 {[%emt 0:00:22]} Nc6+ {[%emt 0:00:32]} 84. Bxc6+ {[%emt 0:00:07]}
Kxc6 {[%emt 0:00:02]} 1/2-1/2

[Event "23rd ETCC Women 2021"]
[Site "Catez"]
[Date "2021.11.13"]
[Round "2.14"]
[White "Roebers, Eline"]
[Black "Osmak, Iulija"]
[Result "1-0"]
[WhiteElo "2304"]
[BlackElo "2423"]
[Annotator "NA"]
[PlyCount "101"]
[EventDate "2021.11.08"]
[EventType "team-tourn"]
[EventCountry "SLO"]
[SourceTitle "playchess.com"]
[Source "ChessBase"]
[SourceQuality "1"]
[WhiteTeam "Netherlands"]
[BlackTeam "Ukraine"]
[WhiteTeamCountry "NED"]
[BlackTeamCountry "UKR"]
[TimeControl "40/5400+30:1800+30"]

1. e4 {[%emt 0:00:03]} c6 {[%emt 0:00:03]} 2. Nf3 {[%emt 0:00:27]} d5 {[%emt 0:
00:04]} 3. Nc3 {[%emt 0:00:16]} Bg4 {[%emt 0:00:06]} 4. h3 {[%emt 0:00:53]}
Bxf3 {[%emt 0:00:06]} 5. Qxf3 {[%emt 0:00:05]} e6 {[%emt 0:00:04]} 6. d4 {
[%emt 0:00:55]} dxe4 {[%emt 0:00:21]} 7. Nxe4 {[%emt 0:00:07]} Qxd4 {[%emt 0:
00:42]} 8. Bg5 {[%emt 0:00:28]} Nd7 {[%emt 0:08:17]} 9. Rd1 {[%emt 0:02:32]}
Qe5 {[%emt 0:05:41]} 10. Bf4 {[%emt 0:01:50]} Qa5+ {[%emt 0:16:17]} 11. Bd2 {
[%emt 0:01:13]} Qf5 {[%emt 0:01:29]} 12. Qxf5 {[%emt 0:10:59]} exf5 {[%emt 0:
00:07]} 13. Ng3 {[%emt 0:00:03]} g6 {[%emt 0:13:38]} 14. Bc3 {[%emt 0:00:22]}
f6 {[%emt 0:01:30]} 15. Bc4 {[%emt 0:03:14]} O-O-O {[%emt 0:08:04]} 16. O-O {
[%emt 0:02:47]} Kc7 {[%emt 0:01:06]} 17. Ne2 {[%emt 0:05:09]} Ne5 {[%emt 0:06:
51]} 18. Bb3 {[%emt 0:01:38]} Rxd1 {[%emt 0:08:24]} 19. Rxd1 {[%emt 0:00:04]}
Bc5 {[%emt 0:00:27]} 20. Nf4 {[%emt 0:02:28]} Bb6 {[%emt 0:01:26]} 21. Bb4 {
[%emt 0:02:12]} Kc8 {[%emt 0:02:15]} 22. Bf8 {[%emt 0:06:55]} h5 {[%emt 0:01:
00]} 23. Kf1 {[%emt 0:09:00]} g5 {[%emt 0:02:21]} 24. Bg7 {[%emt 0:04:40]} Rh7
{[%emt 0:00:27]} 25. Nxh5 {[%emt 0:00:03]} Rxh5 {[%emt 0:12:12]} 26. Bxg8 {
[%emt 0:00:17]} g4 {[%emt 0:01:15]} 27. Bxf6 {[%emt 0:00:22]} Bc7 {[%emt 0:00:
31]} 28. h4 {[%emt 0:01:56]} g3 {[%emt 0:02:25]} 29. f3 {[%emt 0:00:50]} Kb8 {
[%emt 0:03:09]} 30. Re1 {[%emt 0:02:47]} f4 {[%emt 0:00:21]} 31. Bg5 {[%emt 0:
00:04]} Rh8 {[%emt 0:01:03]} 32. Bxf4 {[%emt 0:01:09]} Rxh4 {[%emt 0:01:22]}
33. Rxe5 {[%emt 0:00:24]} Rh1+ {[%emt 0:01:16]} 34. Ke2 {[%emt 0:00:04]} Bxe5 {
[%emt 0:00:05]} 35. Bxe5+ {[%emt 0:00:04]} Kc8 {[%emt 0:00:06]} 36. Bxg3 {
[%emt 0:00:04]} Kd7 {[%emt 0:00:24]} 37. Be5 {[%emt 0:00:21]} Rc1 {[%emt 0:01:
01]} 38. Bb3 {[%emt 0:00:18]} b5 {[%emt 0:00:48]} 39. g4 {[%emt 0:00:24]} c5 {
[%emt 0:01:02]} 40. Kd2 {[%emt 0:00:04]} Rg1 {[%emt 0:00:50]} 41. Bd5 {[%emt 0:
30:08]} Rg2+ {[%emt 0:30:21]} 42. Kc3 {[%emt 0:00:23]} a5 {[%emt 0:00:37]} 43.
Be4 {[%emt 0:00:51]} Ke6 {[%emt 0:00:39]} 44. Bf4 {[%emt 0:00:56]} a4 {[%emt 0:
01:13]} 45. g5 {[%emt 0:00:30]} Kf7 {[%emt 0:00:00]} 46. Be3 {[%emt 0:00:00]}
Ke6 {[%emt 0:00:00]} 47. Bxc5 {[%emt 0:00:00]} Rxg5 {[%emt 0:00:00]} 48. Kb4 {
[%emt 0:00:00]} Kd7 {[%emt 0:00:00]} 49. Kxb5 {[%emt 0:00:00]} Kc7 {[%emt 0:00:
00]} 50. b4 {[%emt 0:00:00]} a3 {[%emt 0:00:00]} 51. Ka4 {[%emt 0:00:00]} 1-0

[Event "23rd ETCC Women 2021"]
[Site "Catez"]
[Date "2021.11.13"]
[Round "2.15"]
[White "Gaponenko, Inna"]
[Black "Ratsma, Rosa"]
[Result "1-0"]
[WhiteElo "2339"]
[BlackElo "2272"]
[Annotator "NA"]
[PlyCount "85"]
[EventDate "2021.11.08"]
[EventType "team-tourn"]
[EventCountry "SLO"]
[SourceTitle "playchess.com"]
[Source "ChessBase"]
[SourceQuality "1"]
[WhiteTeam "Ukraine"]
[BlackTeam "Netherlands"]
[WhiteTeamCountry "UKR"]
[BlackTeamCountry "NED"]
[TimeControl "40/5400+30:1800+30"]

1. e4 {[%emt 0:00:04]} c5 {[%emt 0:00:08]} 2. Nf3 {[%emt 0:00:09]} d6 {[%emt 0:
00:15]} 3. d4 {[%emt 0:00:07]} cxd4 {[%emt 0:00:10]} 4. Nxd4 {[%emt 0:00:06]}
Nf6 {[%emt 0:00:10]} 5. Nc3 {[%emt 0:00:09]} a6 {[%emt 0:00:10]} 6. h3 {
[%emt 0:00:12]} e5 {[%emt 0:00:19]} 7. Nb3 {[%emt 0:00:15]} Be7 {[%emt 0:00:34]
} 8. Be3 {[%emt 0:14:29]} h6 {[%emt 0:03:29]} 9. Bc4 {[%emt 0:25:50]} Qc7 {
[%emt 0:06:53]} 10. Bd5 {[%emt 0:04:03]} Be6 {[%emt 0:09:24]} 11. O-O {[%emt 0:
11:38]} g5 {[%emt 0:17:25]} 12. Nc1 {[%emt 0:20:01]} Nbd7 {[%emt 0:07:17]} 13.
N1e2 {[%emt 0:04:49]} Nb6 {[%emt 0:11:57]} 14. Ng3 {[%emt 0:05:59]} O-O-O {
[%emt 0:15:05]} 15. Bxb6 {[%emt 0:03:12]} Qxb6 {[%emt 0:00:06]} 16. Nf5 {
[%emt 0:00:02]} Rd7 {[%emt 0:08:43]} 17. Na4 {[%emt 0:03:00]} Qc7 {[%emt 0:01:
06]} 18. c4 {[%emt 0:00:12]} Bxf5 {[%emt 0:05:52]} 19. exf5 {[%emt 0:00:04]}
Nxd5 {[%emt 0:01:09]} 20. Qxd5 {[%emt 0:03:10]} Bf6 {[%emt 0:02:19]} 21. Nc3 {
[%emt 0:02:02]} Qc6 {[%emt 0:01:41]} 22. Rad1 {[%emt 0:00:38]} Bd8 {[%emt 0:01:
49]} 23. Ne4 {[%emt 0:00:30]} Kc7 {[%emt 0:02:57]} 24. b4 {[%emt 0:00:45]} f6 {
[%emt 0:01:23]} 25. Qd3 {[%emt 0:00:44]} h5 {[%emt 0:01:27]} 26. b5 {[%emt 0:
00:26]} axb5 {[%emt 0:00:21]} 27. cxb5 {[%emt 0:00:09]} Qb6 {[%emt 0:00:14]}
28. Nc3 {[%emt 0:00:46]} Kb8 {[%emt 0:00:27]} 29. Nd5 {[%emt 0:00:10]} Qa5 {
[%emt 0:00:31]} 30. Rc1 {[%emt 0:00:43]} g4 {[%emt 0:01:12]} 31. Rc3 {[%emt 0:
00:49]} Qa4 {[%emt 0:00:35]} 32. b6 {[%emt 0:00:27]} e4 {[%emt 0:00:42]} 33.
Rfc1 {[%emt 0:00:38]} Bxb6 {[%emt 0:00:31]} 34. Nxb6 {[%emt 0:00:15]} exd3 {
[%emt 0:00:12]} 35. Nxa4 {[%emt 0:00:04]} gxh3 {[%emt 0:00:41]} 36. Rxd3 {
[%emt 0:00:51]} hxg2 {[%emt 0:00:20]} 37. Kxg2 {[%emt 0:00:32]} Rg8+ {[%emt 0:
00:45]} 38. Kh3 {[%emt 0:00:34]} Rc7 {[%emt 0:00:31]} 39. Rxc7 {[%emt 0:00:39]}
Kxc7 {[%emt 0:00:02]} 40. Nc3 {[%emt 0:00:01]} Kc6 {[%emt 0:00:49]} 41. Ne4 {
[%emt 0:30:40]} Rg4 {[%emt 0:04:29]} 42. Rc3+ {[%emt 0:00:00]} Kb5 {[%emt 0:05:
01]} 43. f3 {[%emt 0:00:00]} 1-0